000 00324nam a22001337a 4500
008 190305b xxu||||| |||| 00| 0 eng d
020 _a085044024953
041 _aeng
080 _219th
_a610.73
100 _a2
101 _aINF
245 _aNursing School & Allied Health entrance exams
_cGooding,M.F
942 _2udc
_cBK
999 _c54508
_d54508